000 00466nam a2200169Ia 4500
005 20250508151546.0
008 008 250505s9999 xx 000 0 eng d
037 _aBooks to be hide in OPAC
040 _aFEDL
_beng
_cFEDL
041 _aeng
_2eng
084 _a314, WHI/O
_qFEDL
100 _aWhitaker Joseph
_9625225
245 0 _aAlmanack for the year of our lord 1955
300 _a1190p.
942 _cHB
_h314, WHI/O
999 _c1330616
_d1330616